| 000 -LEADER |
| fixed length control field |
01213nam a2200241Ia 4500 |
| 001 - CONTROL NUMBER |
| control field |
19425 |
| 003 - CONTROL NUMBER IDENTIFIER |
| control field |
GE_BSU |
| 008 - FIXED-LENGTH DATA ELEMENTS--GENERAL INFORMATION |
| fixed length control field |
181216s||||||||xx |||||||||||||| ||und|| |
| 040 ## - CATALOGING SOURCE |
| Transcribing agency |
GE_BSU |
| 080 ## - UNIVERSAL DECIMAL CLASSIFICATION NUMBER |
| Universal Decimal Classification number |
81'(063) |
| 245 ## - TITLE STATEMENT |
| Title |
იბერიულ-კავკასიური ენათმეცნიერება XII = иберийско-кавказкое языкознание=IVERO-CAUCASIA |
| 245 ## - TITLE STATEMENT |
| Statement of responsibility, etc. |
რედ: ქ.ლომთათიძე |
| 260 ## - PUBLICATION, DISTRIBUTION, ETC. |
| Place of publication, distribution, etc. |
თბილისი |
| 260 ## - PUBLICATION, DISTRIBUTION, ETC. |
| Name of publisher, distributor, etc. |
საქართველოს მეცნიერებათა აკადემიის გამომცემლობა |
| 260 ## - PUBLICATION, DISTRIBUTION, ETC. |
| Date of publication, distribution, etc. |
1960 |
| 300 ## - PHYSICAL DESCRIPTION |
| Extent |
447გვ;24სმ. |
| 300 ## - PHYSICAL DESCRIPTION |
| Other physical details |
1ფ პორტრეტი |
| 653 ## - INDEX TERM--UNCONTROLLED |
| Uncontrolled term |
ენათმეცნიერება |
| 653 ## - INDEX TERM--UNCONTROLLED |
| Uncontrolled term |
ეძღვნება არლონდ ჩიქობავას დაბადების სამოცი წლისა და სამეცნიერო პედაგოგიური მოღვაწეობის ოცდათხუთმეტი წლისთავს. |
| 653 ## - INDEX TERM--UNCONTROLLED |
| Uncontrolled term |
ქართული ენა |
| 942 ## - ADDED ENTRY ELEMENTS (KOHA) |
| Koha item type |
წიგნი |